Principles of power system / (Record no. 1936)

MARC details
000 -LEADER
Fixed length control field 00563nam a2200217 4500
003 - CONTROL NUMBER IDENTIFIER
Control field SEACOMEC
005 - DATE AND TIME OF LATEST TRANSACTION
Control field 20250116132030.0
008 - FIXED-LENGTH DATA ELEMENTS--GENERAL INFORMATION
Fixed length control field 250116b |||||||| |||| 00| 0 eng d
020 ## - INTERNATIONAL STANDARD BOOK NUMBER / ISBN
Price 350.00
International Standard Book Number 8121924960
040 ## - CATALOGING SOURCE
Original cataloging agency SEACOMEC
082 ## - DEWEY DECIMAL CLASSIFICATION NUMBER
Classification number 621.3191
Book Number M496
100 ## - MAIN ENTRY--PERSONAL NAME
Personal name Mehta, V.K
245 ## - TITLE STATEMENT
Title Principles of power system /
Statement of responsibility V.K. Mehta ,and Mehta Rohit
250 ## - EDITION STATEMENT
Edition statement Multicolor ed.
260 ## - IMPRINT
Place of publication Kolkata:
Name of publisher S.Chand,
Date of publication 2005
300 ## - PHYSICAL DESCRIPTION
Page / Vol. No 608 p
600 ## - SUBJECT ADDED ENTRY--PERSONAL NAME
Personal name Mehta Rohit
650 ## - SUBJECT ADDED ENTRY--TOPICAL TERM
Topical term Electrical engineering
700 ## - ADDED ENTRY--PERSONAL NAME
Personal name Mehta ,Rohit
942 ## - ADDED ENTRY ELEMENTS (KOHA)
Koha item type Books
Holdings
Withdrawn status Lost status Source of classification Damaged status Not for loan Home library Current library Date acquired Total Checkouts Call number Accession number Date last seen Price effective from Koha item type Copy number
    Dewey Decimal Classification     SEACOM ENGINEERING COLLEGE SEACOM ENGINEERING COLLEGE 23/07/2008   621.3191 M496 11826 16/01/2025 16/01/2025 Books  
    Dewey Decimal Classification     SEACOM ENGINEERING COLLEGE SEACOM ENGINEERING COLLEGE 23/07/2008   621.3191 M496 11827 16/01/2025 16/01/2025 Books 1
    Dewey Decimal Classification     SEACOM ENGINEERING COLLEGE SEACOM ENGINEERING COLLEGE 23/07/2008   621.3191 M496 11828 16/01/2025 16/01/2025 Books 2
    Dewey Decimal Classification     SEACOM ENGINEERING COLLEGE SEACOM ENGINEERING COLLEGE 23/07/2008   621.3191 M496 11829 16/01/2025 16/01/2025 Books 3
    Dewey Decimal Classification     SEACOM ENGINEERING COLLEGE SEACOM ENGINEERING COLLEGE 23/07/2008   621.3191 M496 11830 16/01/2025 16/01/2025 Books 4
    Dewey Decimal Classification     SEACOM ENGINEERING COLLEGE SEACOM ENGINEERING COLLEGE 23/07/2008   621.3191 M496 11831 16/01/2025 16/01/2025 Books 5
    Dewey Decimal Classification     SEACOM ENGINEERING COLLEGE SEACOM ENGINEERING COLLEGE 23/07/2008   621.3191 M496 11832 16/01/2025 16/01/2025 Books 6
    Dewey Decimal Classification     SEACOM ENGINEERING COLLEGE SEACOM ENGINEERING COLLEGE 23/07/2008   621.3191 M496 11833 16/01/2025 16/01/2025 Books 7
    Dewey Decimal Classification     SEACOM ENGINEERING COLLEGE SEACOM ENGINEERING COLLEGE 23/07/2008   621.3191 M496 11834 16/01/2025 16/01/2025 Books 8
    Dewey Decimal Classification     SEACOM ENGINEERING COLLEGE SEACOM ENGINEERING COLLEGE 23/07/2008   621.3191 M496 11835 16/01/2025 16/01/2025 Books 9
© Seacom Engineering College, All rights reserved.      Powered by Koha